|
|
|
|
| LEADER |
00597nam a22001692a 4500 |
| 001 |
000474049 |
| 003 |
CZ BrMZK |
| 005 |
20170112113324.0 |
| 008 |
000105s1976 xr cze d |
| 040 |
|
|
|a BOA001
|b cze
|
| 100 |
1 |
|
|a Kyzlink, Vladimír,
|d 1915-2008
|7 jk01071323
|
| 245 |
1 |
0 |
|a Objektivní metody výpočtu a kontroly konzervační sterilace potravin /
|c V. Kyzlink.
|
| 260 |
|
|
|a Praha :
|b Státní zemědělské nakladatelství,
|c 1976
|
| 300 |
|
|
|a 36 s.
|
| 910 |
|
|
|a BOA001
|b X-0770.143
|
| 990 |
|
|
|a BK
|
| 996 |
6 |
|
|b 2619755794
|c X-0770.143
|l MZK
|r Sklad / do 24 hodin
|n 9
|w 000474049
|u 000010
|a 1
|e BOA001
|j MZK50
|s P
|